Normal view
MARC view
- Pippenger, Dale E
Entry Personal Name
001 - CONTROL NUMBER
- control field: 110492
003 - CONTROL NUMBER IDENTIFIER
- control field: NUST
005 - DATE AND TIME OF LATEST TRANSACTION
- control field: 20230317094022.0
008 - FIXED-LENGTH DATA ELEMENTS
- fixed length control field: 230317|| aca||aabn | a|a d
040 ## - CATALOGING SOURCE
- Original cataloging agency: NUST
- Transcribing agency: NUST
100 ## - HEADING--PERSONAL NAME
- Personal name: Pippenger, Dale E
670 ## - SOURCE DATA FOUND
- Source citation: Work cat.: (NUST)183854: Pippenger, Dale E., Linear and interface circuits applications /, c1986.
